Statistics for US States Without Letters A OR I In Their Name

Click here to take the quiz!

General Stats

  • This quiz has been taken 81 times
  • The average score is 4 of 6

Answer Stats

Answer% Correct
Oregon
71%
New York
69%
Vermont
69%
Tennessee
63%
New Jersey
60%
Kentucky
55%

Score Distribution

Percentile by Number Answered

Percent of People with Each Score

Your Score History

You have not taken this quiz